000 00429nam a2200181Ia 4500
008 230524s9999 xx 000 0 und d
020 _a8125914358
082 _a621.3821
_bSAL
100 _aS.Salivahanam
245 0 _aDigital Circuits & Design
250 _a2nd
260 _aNEW DELHI
_bVikas
_c2003
300 _a588
500 _aQuantity Number: 2
650 _aElectronics
700 _a S. Arivazhagan
942 _cBK
999 _c7222
_d7222